Japan English magazine directory
The fourth edition gives extensive info on 788 periodicals ... from daily newspapers through magazines to annual directories that are published totally or partly in English in Japan
Spremljeno u:
| Format: | Knjiga |
|---|---|
| Jezik: | Undetermined |
| Izdano: |
Tokyo
Intercontinental marketing Corp.
1978
|
| Teme: | |
| Oznake: |
Dodaj oznaku
Bez oznaka, Budi prvi tko označuje ovaj zapis!
|
| Thư viện lưu trữ: | Trung tâm Học liệu Trường Đại học Cần Thơ |
|---|
| LEADER | 00719nam a2200193Ia 4500 | ||
|---|---|---|---|
| 001 | CTU_104698 | ||
| 008 | 210402s9999 xx 000 0 und d | ||
| 020 | |c 70 | ||
| 082 | |a 015.52034 | ||
| 082 | |b J35 | ||
| 245 | 0 | |a Japan English magazine directory | |
| 260 | |a Tokyo | ||
| 260 | |b Intercontinental marketing Corp. | ||
| 260 | |c 1978 | ||
| 520 | |a The fourth edition gives extensive info on 788 periodicals ... from daily newspapers through magazines to annual directories that are published totally or partly in English in Japan | ||
| 650 | |a English imprints,Dấu ấn tiếng Anh,Nhật Bản | ||
| 650 | |x Dấu ấn | ||
| 650 | |z Japan | ||
| 980 | |a Trung tâm Học liệu Trường Đại học Cần Thơ | ||